MARC

LEADER 00000nam0a2200000 4500
001 326088
005 20231102003827.0
035 |a (RuTPU)RU\TPU\book\351723 
090 |a 326088 
100 |a 20161219d1972 m y0rusy50 ca 
101 0 |a rus 
102 |a RU 
105 |a ac z 001zb 
200 1 |a Дай руку, товарищ! Документальная повесть о В. А. Карпинском  |f В. М. Понизовский 
210 |a Москва  |c Политиздат  |d 1972 
215 |a 280 с.  |c ил. 
320 |a Именной указатель: с. 274-278 
600 1 |a Карпинский  |b В. А.  |c участник марксистского революционного движения в России  |f 1880-1965  |g Вячеслав Алексеевич  |2 stltpush  |3 (RuTPU)RU\TPU\pers\37698 
606 1 |a Персоналии деятелей КПСС  |x История  |2 stltpush  |3 (RuTPU)RU\TPU\subj\48642  |9 67493 
610 1 |a КПСС 
610 1 |a история 
610 1 |a персоналии 
610 1 |a 20 век 
610 1 |a государственные деятели 
610 1 |a партийные деятели 
686 |a Ф61(2)8  |v LBC/SL-A  |2 rubbk 
700 1 |a Понизовский  |b В. М.  |g Владимир Миронович 
801 1 |a RU  |b 63413507  |c 20161219 
801 2 |a RU  |b 63413507  |c 20161223  |g RCR 
942 |c BK